000 00816nam a22001937a 4500
999 _c62894
_d62894
003 Ge_BSU
005 20250317122033.0
008 250317s1998 ge ||||| |||| 00| 0 geo d
041 _ageo
080 _a616.1/4 ს-30
245 _a სასერტიფიკაციო გამოცდის ტესტ-კითხვარი ცპეციალობაში "შინაგანი მედიცინა" /
_cმთარგმნ.-რედ. ც. ჯანელიძე.
264 _aთბილისი,
_c1998.
300 _a232 გვ.;
_b29 სმ.
653 _aმედიცინა
653 _aტესტები
653 _aმედიცინა
700 _aჯანელიძე, ც.
_eრედაქტორი
_923695
942 _2udc
_cᲬᲘᲒᲜᲘ